Films / Séries Netflix avec des images - Statistiques

Statistiques générales
  • Ce quiz a été pris 2 347 fois
  • Le résultat moyen est 7 sur 13
Statistiques - réponses
Par images Réponse % Correct
Spider-man
95%
Squid Game
95%
Lupin
92%
Stranger Things
90%
Lucifer
88%
Venom
87%
Breaking Bad
75%
The Witcher
64%
Pixel
16%
Hop
12%
Adam à travers le temp
11%
Pourrie gaté
4%
Freaks
0%
Aucun quiz correspondant
Distribution des résultats
% des personnes avec chaque résultat
Percentile par nombre de réponses
Votre historique - résultats
Vous n’avez pas pris ce quiz